00488nam a2200169Ia 4500100002300000650001000023942000700033366000700040654001000047245001500057260002200072082001500094300000800109546002400117999001700141952016000158 aNegus/Christopher  aLinux cBK f25 alinux aLinux 2010 bWiley Indiac2010 a5.133bNEG a881 aENGLISHcPAMPHALETS c18267d18267 001040708CRCaCRCEbCRCEd2023-03-17eDharma Enterprisesg449.25i524 dt 29/04/2010l1o5.133 NEGp20539r2024-07-30s2023-06-21v599.00w0000-00-00yBK